000 00510 a2200169 4500
999 _c41591
_d41591
003 OSt
005 20221003150601.0
008 221003b ||||| |||| 00| 0 eng d
020 _a9783527316748
040 _coclc
082 _a663.3
_bESS/H
100 1 _99158
_aEsslinger, Hans Michael
245 _aHandbook of brewing : processes, technology, markets
_c Hans Michael Esslinger.
260 _bWiley,
_c2009.
300 _a746 pages
942 _2ddc
_cBK
_h663.3
_iESS/H
_k663.3
_mESS/H